00408nam a22001097a 4500008004100000040005500041080003100096245011900127260003100246300000900277650001200286230526b |||||||| |||| 00| 0 eng d aNational Science LibrarycNational Science Library a575.113(082.2)(048.3) bP1 a5th ADNAT convention, a two day symposium on perspectives in genome analysis c/ ADNAT, 23rd- 24th February 2001,  aHyderabad: bADNAT, c2001 a78p. aScience